| 000 | 01207nam a22002897a 4500 | ||
|---|---|---|---|
| 001 | 10099 | ||
| 003 | FISKH | ||
| 005 | 20260408103855.0 | ||
| 008 | 260408b cb ||||| |||| 00| 0 eng d | ||
| 020 | _a9781108742771 | ||
| 040 |
_aFISKH _beng _cFISKH _dFISKH |
||
| 050 | _aQ163 .B63 2021 | ||
| 082 | _a507.1 | ||
| 100 | _aBoard, Jon | ||
| 245 |
_aCambridge primary Science ; _bWorkbook 3 / _cJon Board & Alan Cross |
||
| 250 | _aThis edition published in 2021 | ||
| 260 |
_aNew York : _bCambridge University Press, _c2014 |
||
| 300 |
_a84 pages : _billustrations ; _c28 cm |
||
| 520 | _aThis workbook provides practice activities for learners studying Cambridge Primary Science Stage 3. It helps students review what they have learned and develop scientific thinking through Focus, Practice, and Challenge exercises, along with drawing and writing tasks that strengthen science vocabulary and language skills. It is suitable for classroom use or homework. | ||
| 650 |
_aScience _vStudy |
||
| 650 |
_aCambridge _vPrimary |
||
| 650 |
_aScientific inquiry _vStudy and teaching |
||
| 650 |
_aProblems _vWorkbooks |
||
| 700 |
_aCross, Alan _eIllustrator |
||
| 942 |
_2ddc _cBK _n0 |
||
| 999 |
_c10099 _d10099 |
||